000 00258nam a22001217a 4500
041 _aENG
100 _aPollard.A
245 _aProcess Control
260 _aLondon
_bHeinemann Educational Book
_c1971
300 _a406
650 _aAPE
856 _uAPE ( 3 )
999 _c2505
_d2505